| 000 | 00913nam0a22002771 4500 | ||
|---|---|---|---|
| 001 | rc\3416568 | ||
| 005 | 20130115140804.5 | ||
| 021 |
_aRU _b[74-66931] |
||
| 035 | _a(NLR Aleph) 007580263 | ||
| 090 |
_a5500732 _c5500732 |
||
| 100 | _a20130115d1974 |||y0rusy50 ca | ||
| 101 | 0 | _arus | |
| 102 | _aRU | ||
| 105 | _aa z ||||| | ||
| 200 | 1 | _aРуководство по техническому нивелированию и высотным теодолитным ходам | |
| 210 |
_aМосква _cНедра _d1974 |
||
| 215 |
_a72 с. _cил. _d21 |
||
| 320 | _aСписок лит.: с. 70-71 (45 назв.) | ||
| 606 |
_aНивелирование _2psbo |
||
| 606 |
_aТеодолитные ходы _2psbo |
||
| 700 | 1 |
_aРедьков _bВ. С. _gВасилий Сергеевич |
|
| 801 | 0 |
_aRU _bNLR _gpsbo |
|
| 801 | 1 |
_aRU _bELAR _2rusmarc |
|
| 852 |
_aNLR _j73-6/15683 |
||
| 942 | _cBOOK | ||
| 980 | _aNB | ||